Franchising- partnerstvo prinášajúce úspech

Čo je franchising. Prečo podnikať vo franchisingu. Franchisor a franchisees. Podstata franchisingu. Produkt, know-how a značka vo franchisingu. Starostlivosť o know-how. Oceňovanie hodnoty značky a know-how.

Salvato in:
Dettagli Bibliografici
Autore principale: Štensová, Antónia
Natura: Capitolo di libro
Lingua:slovacco
Soggetti:
Tags: Aggiungi Tag
Nessun Tag, puoi essere il primo ad aggiungerne!!

MARC

LEADER 00000naa$a2200000$$$4500
001 0053761
005 20240523131328.5
041 0 |a slo 
044 |a SK 
245 1 0 |a Franchising- partnerstvo prinášajúce úspech  |c Antónia Štensová 
520 |a Čo je franchising. Prečo podnikať vo franchisingu. Franchisor a franchisees. Podstata franchisingu. Produkt, know-how a značka vo franchisingu. Starostlivosť o know-how. Oceňovanie hodnoty značky a know-how. 
610 2 0 |a obchod 
610 2 0 |a predaj 
610 2 0 |a technika obchodná 
610 2 0 |a franchising 
610 2 0 |a produkty 
610 2 0 |a značky výrobkov 
610 2 0 |a know-how 
610 2 0 |a oceňovanie 
610 2 0 |a vlastníctvo priemyselné 
100 1 |a Štensová, Antónia